| 000 | 00437nam a2200145Ia 4500 | ||
|---|---|---|---|
| 008 | 230411s9999 xx 000 0 und d | ||
| 020 | _a978-93-5152-533-2 | ||
| 041 | _aeng | ||
| 082 | _aF/610.7302/JAC/B06486 | ||
| 100 |
_aJacob Annamma Rekha R & Jadhav Sonali _9179146 |
||
| 245 | _aClinical Nursing Procedures : Art of nursing practice | ||
| 260 |
_bJaypee Brothers _aNew Delhi _c2015 |
||
| 300 | _a718p | ||
| 999 |
_c156890 _d156890 |
||